[Event "Styrian op U14/18 28th"]
[Site "Mureck"]
[Date "2022.08.10"]
[Round "8"]
[White "Engel, Samuel"]
[Black "Braun, Linus"]
[Result "0-1"]
[WhiteElo "940"]
[BlackElo "815"]
[PlyCount "98"]
[EventDate "2022.08.03"]
[EventType "swiss"]
[EventRounds "9"]
[EventCountry "AUT"]
[SourceTitle "EXT 2023"]
[Source "ChessBase"]
[SourceDate "2022.10.05"]
[SourceVersion "1"]
[SourceVersionDate "2022.10.05"]
[SourceQuality "1"]

1. g3 c6 2. Bg2 d5 3. Nf3 f6 4. d3 e5 5. Be3 Be6 6. Nbd2 d4 7. c3 dxe3 8. fxe3 Bd6 9. d4 Nd7 10. Qa4 Ne7 11. 0-0 b5 12. Qc2 Rc8 13. Ne4 Qc7 14. dxe5 fxe5 15. Rad1 Bc5 16. Nfg5 Bd5 17. Rf3 Nf6 18. Bh3 Rd8 19. Nxc5 Bxf3 20. exf3 Rxd1+ 21. Qxd1 Qb6 22. Nge6 Ned5 23. Nxg7+ Kf8 24. Nf5 Qxc5 25. b4 Qxc3 26. e4 Ne3 27. Qd8+ Ne8 28. Nxe3 Qxe3+ 29. Kh1 Qh6 30. Bd7 Kf7 31. Bxe8+ Rxe8 32. Qd7+ Re7 33. Qf5+ Kg8 34. Qc8+ Qf8 35. Qg4+ Rg7 36. Qe6+ Kh8 37. Qxc6 Qxf3+ 38. Kg1 Rf7 39. Qe8+ Rf8 40. Qxe5+ Qf6 41. Qxb5 Qf2+ 42. Kh1 Qe1+ 43. Kg2 Qxe4+ 44. Kh3 Qf5+ 45. Kg2 Qxb5 46. h4 Qb7+ 47. Kh2 Rf2+ 48. Kh3 Qc8+ 49. g4 Qc3# 0-1

[Event "Styrian op U14/18 28th"]
[Site "Mureck"]
[Date "2022.08.09"]
[Round "7"]
[White "Braun, Linus"]
[Black "Postel, Tobias"]
[Result "0-1"]
[WhiteElo "815"]
[BlackElo "800"]
[PlyCount "46"]
[EventDate "2022.08.03"]
[EventType "swiss"]
[EventRounds "9"]
[EventCountry "AUT"]
[SourceTitle "EXT 2023"]
[Source "ChessBase"]
[SourceDate "2022.10.05"]
[SourceVersion "1"]
[SourceVersionDate "2022.10.05"]
[SourceQuality "1"]

1. e4 e5 2. Nf3 Nc6 3. Bc4 Bc5 4. c3 Nf6 5. d4 exd4 6. cxd4 Bb4+ 7. Bd2 Nxe4 8. Bxb4 Nxb4 9. Nc3 0-0 10. Nxe4 d5 11. Bd3 Nxd3+ 12. Qxd3 dxe4 13. Qxe4 Be6 14. 0-0 Qd5 15. Qxd5 Bxd5 16. Rac1 Rac8 17. Rfe1 Bxa2 18. Rc5 b6 19. Rg5 h6 20. Rh5 Be6 21. Re4 c5 22. Reh4 cxd4 23. Ng5 Rc1# 0-1

[Event "Styrian op U08/12 26th"]
[Site "Mureck"]
[Date "2019.08.03"]
[Round "4"]
[White "Hersel, Harald Hieronymus"]
[Black "Braun, Linus"]
[Result "1-0"]
[WhiteElo "1252"]
[BlackElo "830"]
[PlyCount "74"]
[EventDate "2019.07.31"]
[EventType "swiss"]
[EventRounds "9"]
[EventCountry "AUT"]
[SourceTitle "EXT 2020"]
[Source "ChessBase"]
[SourceDate "2019.10.17"]
[SourceVersion "1"]
[SourceVersionDate "2019.10.17"]
[SourceQuality "1"]

1. e4 e5 2. Nf3 Nc6 3. Bb5 Nf6 4. d3 Bb4+ 5. Nc3 d6 6. Bxc6+ bxc6 7. Bg5 d5 8. Bxf6 Qxf6 9. a3 Bxc3+ 10. bxc3 dxe4 11. dxe4 Qf4 12. Qd3 0-0 13. 0-0 Qf6 14. g3 Bh3 15. Rfe1 Bg4 16. Nh4 h6 17. Qa6 g5 18. Ng2 Qf3 19. Re3 Qf6 20. Qb7 Rfc8 21. Qb3 Rab8 22. Qa4 Bd7 23. Qxa7 Ra8 24. Qc5 Bh3 25. a4 h5 26. a5 h4 27. gxh4 gxh4 28. Rxh3 Rcb8 29. a6 Rb5 30. Qc4 Qh6 31. Rxh4 Qd2 32. Rg4+ Kf8 33. Rg3 Rb6 34. Rf3 Qd7 35. Qc5+ Ke8 36. Qxe5+ Kd8 37. Rd3 Qxd3 1-0

[Event "Styrian op U08/12 25th"]
[Site "Mureck"]
[Date "2018.08.04"]
[Round "4"]
[White "Braun, Linus"]
[Black "Engelmaier, Andrej"]
[Result "0-1"]
[WhiteElo "865"]
[BlackElo "968"]
[PlyCount "28"]
[EventDate "2018.08.01"]
[EventType "swiss"]
[EventRounds "9"]
[EventCountry "AUT"]
[SourceTitle "CBM 186 Extra"]
[Source "ChessBase"]
[SourceDate "2018.08.24"]
[SourceVersion "1"]
[SourceVersionDate "2018.08.24"]
[SourceQuality "1"]

1. e4 e5 2. Nf3 Nc6 3. Bc4 Bc5 4. c3 Nf6 5. d3 d6 6. d4 exd4 7. cxd4 Bb4+ 8. Bd2 Nxe4 9. Bxb4 Nxb4 10. 0-0 Nc6 11. Qe1 d5 12. Bxd5 Qxd5 13. Nc3 Qf5 14. Nxe4 0-0 0-1

[Event "Styrian op U08/12 25th"]
[Site "Mureck"]
[Date "2018.08.01"]
[Round "1"]
[White "Braun, Linus"]
[Black "Bakalarz, Adrian"]
[Result "0-1"]
[WhiteElo "865"]
[BlackElo "1270"]
[PlyCount "34"]
[EventDate "2018.08.01"]
[EventType "swiss"]
[EventRounds "9"]
[EventCountry "AUT"]
[SourceTitle "CBM 186 Extra"]
[Source "ChessBase"]
[SourceDate "2018.08.24"]
[SourceVersion "1"]
[SourceVersionDate "2018.08.24"]
[SourceQuality "1"]

1. e4 e5 2. Nf3 Nf6 3. d3 Nc6 4. Bg5 h6 5. Bh4 Be7 6. Bg3 d6 7. c3 0-0 8. d4 Nxe4 9. dxe5 Nxg3 10. fxg3 dxe5 11. Qxd8 Rxd8 12. Na3 a6 13. Nc4 f6 14. Nh4 g5 15. Ng6 Bc5 16. Rd1 Rxd1+ 17. Kxd1 Bf5 0-1

[Event "Styrian op U08/10 23nd"]
[Site "Mureck"]
[Date "2016.08.10"]
[Round "8.7"]
[White "Trummer, Alexander"]
[Black "Braun, Linus"]
[Result "1-0"]
[WhiteElo "960"]
[BlackElo "823"]
[PlyCount "43"]
[EventDate "2016.08.03"]
[EventType "swiss"]
[EventRounds "9"]
[EventCountry "AUT"]
[SourceTitle "EXT 2024"]
[Source "ChessBase"]
[SourceDate "2023.10.10"]
[SourceVersion "1"]
[SourceVersionDate "2023.10.10"]
[SourceQuality "1"]

1. e4 c5 2. Nf3 Nc6 3. Bc4 g6 4. Nc3 e6 5. d3 Bg7 6. Be3 Nge7 7. Bxc5 0-0 8. 0-0 h5 9. Re1 b6 10. Be3 Bxc3 11. bxc3 d5 12. Bb3 dxe4 13. dxe4 Qxd1 14. Raxd1 Rd8 15. Nd4 Nxd4 16. Bxd4 Ba6 17. Bf6 Rxd1 18. Rxd1 Nc6 19. a3 Be2 20. Rd6 Na5 21. Ba4 g5 22. Bxg5 1-0

[Event "Styrian op U08/10 23nd"]
[Site "Mureck"]
[Date "2016.08.07"]
[Round "5.7"]
[White "Braun, Linus"]
[Black "Maiberg, Sofia"]
[Result "0-1"]
[WhiteElo "823"]
[BlackElo "888"]
[PlyCount "32"]
[EventDate "2016.08.03"]
[EventType "swiss"]
[EventRounds "9"]
[EventCountry "AUT"]
[SourceTitle "EXT 2024"]
[Source "ChessBase"]
[SourceDate "2023.10.10"]
[SourceVersion "1"]
[SourceVersionDate "2023.10.10"]
[SourceQuality "1"]

1. e4 c6 2. Nc3 d5 3. d4 dxe4 4. Nxe4 Bf5 5. Bd3 Qxd4 6. Be3 Qd5 7. c4 Qe5 8. Nf3 Qxb2 9. Rb1 Qxa2 10. 0-0 b6 11. h3 e6 12. Qc2 Qxc2 13. Bxc2 Be7 14. Ba4 Bxe4 15. Bc2 Bxc2 16. Rbc1 Be4 0-1